| 000 | 00751nam a2200217 a 4500 | ||
|---|---|---|---|
| 008 | |||
| 049 | _aMAIN | ||
| 090 |
_aSC CD950 _bMAB |
||
| 100 | 1 | _aMaboreke, Danmore. | |
| 245 | 1 | 0 |
_aAn evaluation of the effectiveness of records surveys in the management of public records in Masvingo Province/ _cDanmore Maboreke. |
| 260 |
_aBulawayo : _bNUST, _c2007. |
||
| 300 |
_axii, 129 p. : _bill, ; _c30 cm. |
||
| 504 | _aIncludes bibliographical references. | ||
| 500 | _aThesis (MScLIS)---NUST,2007. | ||
| 700 |
_aNUST. _bDept. Of Library and Information Science. _tThesis. |
||
| 907 |
_a.b10265181 _b24-11-15 _c20-08-09 |
||
| 003 | |||
| 005 | 20230120153123.0 | ||
| 040 | _cNUST | ||
| 942 |
_cBOOKS _kSC CD950 _mMAB |
||
| 999 |
_c99127 _d99127 |
||